Top 50 Females in Harry Potter Quiz Stats

 Plays Quiz Updated Nov 8, 2018

Support Sporcle.
Go Orange.
Score 0/50 Timer 06:00
14 Plays Today
Mentions Character % Correct
5,486Hermione Granger
99.5%
771Ginny Weasley
97.3%
722Molly Weasley
94.4%
770Minerva McGonagall
90.7%
220Bellatrix Lestrange
88.3%
127Lily Potter
86.2%
356Luna Lovegood
85.9%
215Cho Chang
83.8%
116Katie Bell
82.1%
258Fleur Delacour
79.1%
133Parvati Patil
78.4%
314Petunia Dursley
78%
23Padma Patil
77.1%
89Narcissa Malfoy
75.6%
637Dolores Umbridge
75.3%
90Pomona Sprout
75%
141Lavender Brown
73.5%
242Nymphadora Tonks
72.3%
135Angelina Johnson
67.8%
262Sybill Trelawney
67.1%
68Pansy Parkinson
62.4%
156Poppy Pomfrey
58.4%
204*Hedwig
55.9%
73Marge Dursley
55.4%
58Alicia Spinnet
53%
Mentions Character % Correct
28Rowena Ravenclaw
51.2%
119Moaning Myrtle
50.3%
162*Winky
48.2%
53Rolanda Hooch
48%
26Hannah Abbott
46.6%
188Rita Skeeter
45.3%
112Olympe Maxime
44%
35Amelia Bones
40.7%
77Bathilda Bagshot
40.5%
50Ariana Dumbledore
37.8%
72Fat Lady
35.9%
55Arabella Figg
35%
22Kendra Dumbledore
33.5%
49Madam Rosmerta
32.9%
59*Mrs. Norris
32.7%
32Merope Gaunt
32.1%
30*Nagini
31.2%
36*Norbert(a)
30.2%
48Marietta Edgecombe
29.5%
57Wilhelmina Grubbly-Plank
27.5%
25Madam Malkin
25.2%
27Hepzibah Smith
25%
42Bertha Jorkins
18.9%
31Mary Cattermole
18.2%
56Aunt Muriel
16.6%

You're not logged in!

Compare scores with friends on all Sporcle quizzes.
OR
Log In

Sporcle TV

Pottermasters Play Top 50 Harry Potter Females Quiz


There's nothing (Le)strange abot this quiz! Let's see if Holly and Maria can name the most mentioned Potter females in this segment of The Pottermasters

From the Vault

MLB Top 5 HR Hitters (1970-2009)

by bennyboy44

And begin steroid era debate in 3 - 2 - 1...
Remove Ads.
Support Sporcle.
Get the best of Sporcle when you Go Orange. This ad-free experience offers more features, more stats, and more fun while also helping to support Sporcle. Thank you for becoming a member.

Show Comments

Extras

Top Quizzes Today


Score Distribution

Your Account Isn't Verified!

In order to create a playlist on Sporcle, you need to verify the email address you used during registration. Go to your Sporcle Settings to finish the process.

Report this User

Report this user for behavior that violates our Community Guidelines.

Details: